<?xml version="1.0" encoding="UTF-8"?><?xml-stylesheet type="text/xsl" href="static/style.xsl"?><OAI-PMH xmlns="http://www.openarchives.org/OAI/2.0/" xmlns:xsi="http://www.w3.org/2001/XMLSchema-instance" xsi:schemaLocation="http://www.openarchives.org/OAI/2.0/ http://www.openarchives.org/OAI/2.0/OAI-PMH.xsd"><responseDate>2026-06-29T01:32:31Z</responseDate><request verb="GetRecord" identifier="oai:docta.ucm.es:20.500.14352/125881" metadataPrefix="marc">https://docta.ucm.es/rest/oai/request</request><GetRecord><record><header><identifier>oai:docta.ucm.es:20.500.14352/125881</identifier><datestamp>2025-11-08T00:53:51Z</datestamp><setSpec>com_20.500.14352_14</setSpec><setSpec>col_20.500.14352_21</setSpec></header><metadata><record xmlns="http://www.loc.gov/MARC21/slim" xmlns:dcterms="http://purl.org/dc/terms/" xmlns:xsi="http://www.w3.org/2001/XMLSchema-instance" xmlns:doc="http://www.lyncode.com/xoai" xsi:schemaLocation="http://www.loc.gov/MARC21/slim http://www.loc.gov/standards/marcxml/schema/MARC21slim.xsd">
   <leader>00925njm 22002777a 4500</leader>
   <datafield ind2=" " ind1=" " tag="042">
      <subfield code="a">dc</subfield>
   </datafield>
   <datafield ind2=" " ind1=" " tag="720">
      <subfield code="a">López-Guadalupe Pallarés, Miguel José</subfield>
      <subfield code="e">author</subfield>
   </datafield>
   <datafield ind2=" " ind1=" " tag="260">
      <subfield code="c">2018</subfield>
   </datafield>
   <datafield ind1="8" ind2=" " tag="024">
      <subfield code="a">López-Guadalupe Pallarés, M. J. (2018). "Los mecanismos de negociación y concurrencia de las aldeas de la Tierra de Cuéllar a fines de la Edad Media". En Campo y ciudad. Mundos en tensión (siglos xii-xv) (XLIV Semana Internacional de Estudios Medievales. Estella-Lizarra. 18/21 de julio de 2017). Pamplona, Gobierno de Navarra: 247-256.</subfield>
   </datafield>
   <datafield ind1="8" ind2=" " tag="024">
      <subfield code="a">978-84-235-3482-1</subfield>
   </datafield>
   <datafield ind1="8" ind2=" " tag="024">
      <subfield code="a">https://hdl.handle.net/20.500.14352/125881</subfield>
   </datafield>
   <datafield ind2="0" ind1="0" tag="245">
      <subfield code="a">Los mecanismos de negociación y concurrencia de las aldeas de la Tierra de Cuéllar a fines de la Edad Media</subfield>
   </datafield>
</record></metadata></record></GetRecord></OAI-PMH>